| 000 | 01164cam a2200349 a 4500 | ||
|---|---|---|---|
| 001 | 2549 | ||
| 003 | FISKH | ||
| 005 | 20240314093257.0 | ||
| 008 | 861027s1986 nyua j 000 1 eng | ||
| 010 | _a 86025467 | ||
| 020 | _a0399214240 | ||
| 020 | _a072742006992 | ||
| 040 |
_aDLC _cDLC _dDLC |
||
| 042 | _alcac | ||
| 050 | 0 | 0 |
_aPZ7.J15317 _bRe 1986 |
| 082 | 0 | 0 |
_a[Fic] _219 |
| 100 | 1 | _aJacques, Brian. | |
| 245 | 1 | 0 |
_aRedwall / _cBrian Jacques |
| 250 | _aThis edition published in 1998 | ||
| 260 |
_aNew York : _c1986. _bAce Books |
||
| 300 |
_a333 pages : _billustrations ; _c18 cm |
||
| 500 | _aA tale of Redwall. | ||
| 505 | _aM | ||
| 520 | _aWhen the peaceful life of ancient Redwall Abbey is shattered by the arrival of the evil rat Cluny and his villainous hordes, Matthias, a young mouse, determines to find the legendary sword of Martin the Warrior which, he is convinced, will help Redwall's inhabitants destroy the enemy. | ||
| 521 | 8 |
_a800 _bLexile |
|
| 650 | 1 |
_aMice _xFiction. |
|
| 650 | 1 |
_aAnimals _xFiction. |
|
| 650 | 1 | _aFantasy. | |
| 906 |
_a7 _bcbc _corignew _d1 _eocip _f19 _gy-gencatlg |
||
| 942 |
_2ddc _cBK _n0 |
||
| 999 |
_c2549 _d2549 |
||